00887cam a22002657a 450000100090000000300050000900500170001400800410003101000170007202000180008902500220010703500210012903700600015004000130021004200100022305000330023308200170026610000320028324500870031526000480040230000270045050500710047765000480054870000250059612371366Nust20170313130420.0000829s2000 ii 000 1 eng  a 00372167  a9780140298857 aI-E-00-372167; 27 a(DLC) 00372167 bLibrary of Congress -- New Delhi Field OfficecRs395.00 aDLCcDLC alcode00aMLCM 2001/00005aPR9499.3.N3 a823.912bNAR1 aNarayan, R. K.,d1906-2001.14aThe magic of Malgudi /cR.K. Narayan ; edited with an introduction by S. Krishnan. aNew Delhi ;aNew York, NY :bViking,c2000. axiii, 408 p. ;c23 cm.0 aSwami and friends -- The bachelor of arts -- The vendor of sweets. 0aMalgudi (India : Imaginary place)xFiction.1 aKrishnan, S.,d1925-